Confronto internazionale (Il) (Record n. 84340)
[ formato base ]
| 000 -LEADER | |
|---|---|
| fixed length control field | 01254nam a2200313Ia 4500 |
| 001 - CONTROL NUMBER | |
| control field | H2472 |
| 003 - CONTROL NUMBER IDENTIFIER | |
| control field | IT-RoPAU |
| 008 - FIXED-LENGTH DATA ELEMENTS--GENERAL INFORMATION | |
| fixed length control field | 130308s9999 xx 000 0 und d |
| 040 ## - CATALOGING SOURCE | |
| Original cataloging agency | IT-RoPAU |
| 040 ## - CATALOGING SOURCE | |
| Transcribing agency | IT-RoPAU |
| 041 ## - LANGUAGE CODE | |
| Language code of text/sound track or separate title | ITALIANO |
| 100 ## - MAIN ENTRY--PERSONAL NAME | |
| Personal name | Hibberd Matthew |
| 100 ## - MAIN ENTRY--PERSONAL NAME | |
| Miscellaneous information | Codice Aut. SPICS: 55515 |
| 245 ## - TITLE STATEMENT | |
| Title | Confronto internazionale (Il) |
| 245 ## - TITLE STATEMENT | |
| Remainder of title | Radio (La). Percorsi e territori di un medium mobile e Interattivo |
| 250 ## - EDITION STATEMENT | |
| Edition statement | 1a ed. |
| 260 ## - PUBLICATION, DISTRIBUTION, ETC. (IMPRINT) | |
| Place of publication, distribution, etc. | BOLOGNA |
| 260 ## - PUBLICATION, DISTRIBUTION, ETC. (IMPRINT) | |
| Name of publisher, distributor, etc. | Baskerville |
| 260 ## - PUBLICATION, DISTRIBUTION, ETC. (IMPRINT) | |
| Date of publication, distribution, etc. | 2002 [1° Ed.:2002 - Ed.Ling.Originale:2002] |
| 300 ## - PHYSICAL DESCRIPTION | |
| Extent | "76 p. (prefazione: no ; testo: 76 [pagine: 429-504])" |
| 500 ## - GENERAL NOTE | |
| General note | Il Sistema radiofonico in gran Bretagna: Identità e Prossimità di M. Hibberd. La Radio in Germania: Tecnologie, Regolamentazione, Mercati, programmi di H.J. Kleinsteuber. Il programma radiofonico spagnolo nel ventunesimo Secolo di R. Franquet. Storia Sociale della Radio in Svizzera: Risultati e Approccio di T. Maeusli. La Radio in Russia, 1990 2000: Protagonista o Strumento? di L. Trautmann Grishenko. |
| 650 ## - SUBJECT ADDED ENTRY--TOPICAL TERM | |
| Topical term or geographic name as entry element | TEORICHE RADIOFONICHE |
| 650 ## - SUBJECT ADDED ENTRY--TOPICAL TERM | |
| Relator term | Codice materia Spics: 6905 |
| 700 ## - ADDED ENTRY--PERSONAL NAME | |
| Personal name | AA.VV. |
| 700 ## - ADDED ENTRY--PERSONAL NAME | |
| Miscellaneous information | Codice Aut. SPICS: 12000 |
| 942 ## - ADDED ENTRY ELEMENTS (KOHA) | |
| Koha item type | LIBRO |
| 957 ## - | |
| -- | 1 |
| 999 ## - SYSTEM CONTROL NUMBERS (KOHA) | |
| -- | 1 |
| Withdrawn status | Lost status | Damaged status | Not for loan | Home library | Current library | Date acquired | Total Checkouts | Full call number | Date last seen | Price effective from | Koha item type | Public note |
|---|---|---|---|---|---|---|---|---|---|---|---|---|
| Buone Condizioni | Not For Loan | SPICS-MEDIATECA | SPICS-MEDIATECA | 08/03/2013 | H2472 | 08/03/2013 | 08/03/2013 | LIBRO | Progressivo inserimento: 42959 / N. Volumi: 0 [=Contributo] Copie: 1 / data import: 1 marzo 2013 - By Epidotti, Trombetti, Vaglietti. |